000 00844nam a2200265 i 4500
001 000026746
003 DO-SdBNP
005 20240705073646.0
007 ta
008 110325s1932 dr 000 0 spa d
040 _aDO-SdBNP
_bspa
_cBNPHU
_erda
082 _a910
_bH831g
_222
100 1 _aHostos, Eugenio María de,
_d1839-1903
_eautor
_91352
245 1 0 _aGeografía evolutiva. /
_cEugenio María de Hostos.
264 _aSanto Domingo :
_bLa Nación,
_c1932.
300 _a80 paginas ;
_c23 cm.
336 _2rdacontent
_atexto
_btxt
337 _2rdamedia
_asin mediación
_bn
338 _2rdacarrier
_avolumen
_bnc
500 _aEdición de la revista de educación -- En portada.
590 _aInventariado, 2022/ YL
650 4 _aGeografía
_xEnseñanza
_920300
910 _aValidado. Control de calidad BNPHU
942 _2ddc
_cLBS1
999 _c26238
_d26238